LEADER 02097oam 2200553M 450 001 9910716185403321 005 20200213070902.9 035 $a(CKB)5470000002518258 035 $a(OCoLC)1065593259 035 $a(OCoLC)995470000002518258 035 $a(EXLCZ)995470000002518258 100 $a20071213d1926 ua 0 101 0 $aeng 135 $aurcn||||||||| 181 $ctxt$2rdacontent 182 $cc$2rdamedia 183 $acr$2rdacarrier 200 10$aExchange of lands in San Miguel, Mora, and Laos [i.e. Taos] Counties, N. Mex. January 20, 1926. -- Committed to the Committee of the Whole House on the State of the Union and ordered to be printed 210 1$a[Washington, D.C.] :$c[U.S. Government Printing Office],$d1926. 215 $a1 online resource (2 pages) 225 1 $aHouse report / 69th Congress, 1st session. House ;$vno. 128 225 1 $a[United States congressional serial set ] ;$v[serial no. 8531] 300 $aLaos County in title printed in error. 300 $aBatch processed record: Metadata reviewed, not verified. Some fields updated by batch processes. 300 $aFDLP item number not assigned. 606 $aBoundaries 606 $aAdjoining landowners 606 $aForest reserves 606 $aLand titles$xRegistration and transfer 606 $aLegislative amendments 606 $aTimber 608 $aLegislative materials.$2lcgft 615 0$aBoundaries. 615 0$aAdjoining landowners. 615 0$aForest reserves. 615 0$aLand titles$xRegistration and transfer. 615 0$aLegislative amendments. 615 0$aTimber. 701 $aMorrow$b John$f1865-1935$pDemocrat (NM)$01389110 801 0$bWYU 801 1$bWYU 801 2$bOCLCO 801 2$bOCLCQ 801 2$bOCLCO 801 2$bOCLCQ 906 $aBOOK 912 $a9910716185403321 996 $aExchange of lands in San Miguel, Mora, and Laos Counties, N. Mex. January 20, 1926. -- Committed to the Committee of the Whole House on the State of the Union and ordered to be printed$93539907 997 $aUNINA LEADER 03070nam 22006853 450 001 9910993891603321 005 20240912084510.0 010 $a9783839472361 010 $a3839472369 024 7 $a10.1515/9783839472361 035 $a(CKB)34868706200041 035 $a(MiAaPQ)EBC31653308 035 $a(Au-PeEL)EBL31653308 035 $a(DE-B1597)684965 035 $a(DE-B1597)9783839472361 035 $a(EXLCZ)9934868706200041 100 $a20240912d2024 uy 0 101 0 $ager 135 $aur||||||||||| 181 $ctxt$2rdacontent 182 $cc$2rdamedia 183 $acr$2rdacarrier 200 10$aLeistungsvergleiche und Evaluative Praktiken $eSport Als Instruktiver Fall der Soziologie der Bewertung 205 $a1st ed. 210 1$aBielefeld :$ctranscript Verlag,$d2024. 210 4$d©2024. 215 $a1 online resource (271 pages) 225 0 $aKulturen der Gesellschaft ;$v62 311 08$a9783837672367 311 08$a3837672360 327 $tFrontmatter -- $tInhalt -- $tEinleitung in den Band -- $tLeistungsvergleiche und evaluative Praktiken -- $tSpielerwerte und Spielen/Bewerten -- $tBewerten, um plausibel darzustellen -- $tDie Vermessung von Geschlecht im Sport und der Umgang mit kategorialen Transgressonen -- $tBahnen ziehen. Schwimmen als Bewertungsspiel -- $tVergleichen, Differenzieren, Kategorisieren und das Problem der Fairness -- $tDie Erfindung des modernen Fußballs -- $tDie Un/Sichtbarkeit des Regelhüters -- $tFairer Wettbewerb in Sport und Wissenschaft -- $tAutor:inneninformationen 330 $aIn der Soziologie des Bewertens spielt Sport bislang kaum eine Rolle. Das überrascht, denn der Sport erweist sich mit seinen Zähl- und Messverfahren schon auf den ersten Blick als bewertungsaffin. Aber auch auf den zweiten Blick offenbart sich ein zentraler Berührungspunkt beider Bereiche: Ohne den Einsatz von digital gestützten Leistungsanalysen sind sportliche »Topleistungen« nicht erreichbar. Die Beiträger*innen geben einen Einblick in die Semantik der Leistungsgesellschaft und zeigen, dass der Sport als instruktiver Fall für die Bewertungssoziologie gelten kann. 606 $aSOCIAL SCIENCE / Popular Culture$2bisacsh 610 $aBiopolitics. 610 $aBody. 610 $aCategorisation. 610 $aCompetitive Sports. 610 $aHuman. 610 $aMeasuring Method. 610 $aPerformance. 610 $aRating. 610 $aSoccer. 610 $aSociology of Culture. 610 $aSociology of Evaluation. 610 $aSociology of Knowledge. 610 $aSociology. 610 $aSport Science. 610 $aSports Sociology. 615 7$aSOCIAL SCIENCE / Popular Culture. 676 $a300 700 $aSchmidt$b Robert$0333165 701 $aKempf$b David$01811046 701 $aWeigelin$b Max$01811047 801 0$bMiAaPQ 801 1$bMiAaPQ 801 2$bMiAaPQ 906 $aBOOK 912 $a9910993891603321 996 $aLeistungsvergleiche und Evaluative Praktiken$94362673 997 $aUNINA